[Event "Belgrade-chTB Quality"]
[Site "Belgrade"]
[Date "2018.10.07"]
[Round "4.5"]
[White "Dimitrijevic, Paul"]
[Black "Mandic, Vladimir"]
[Result "1-0"]
[WhiteElo "2032"]
[BlackElo "2066"]
[PlyCount "85"]
[EventDate "2018.09.29"]
[EventType "team-tourn"]
[EventRounds "11"]
[EventCountry "SRB"]
[SourceTitle "CBM 187 Extra"]
[Source "ChessBase"]
[SourceDate "2018.11.04"]
[SourceVersion "1"]
[SourceVersionDate "2018.11.04"]
[SourceQuality "1"]
[WhiteTeam "Belgrade NB"]
[BlackTeam "Belgrade Politika"]
[WhiteTeamCountry "SRB"]
[BlackTeamCountry "SRB"]

1. d4 d5 2. Nf3 Bf5 3. c4 c6 4. Nc3 e6 5. Qb3 b6 6. Bg5 Be7 7. Bxe7 Nxe7 8. e3 0-0 9. Be2 Nd7 10. 0-0 Rc8 11. cxd5 exd5 12. Rac1 Re8 13. Rfd1 h6 14. Qa3 a5 15. Qd6 Nb8 16. Qxd8 Rexd8 17. Na4 Nd7 18. h3 f6 19. Nh4 Bh7 20. Bg4 f5 21. Be2 Rb8 22. f4 Kf7 23. Nf3 Ke6 24. Rd3 b5 25. Nc5+ Nxc5 26. Rxc5 Bg6 27. Ne5 Be8 28. Rdc3 a4 29. g4 g6 30. Kf2 Rb6 31. Rc1 Rd6 32. Bd3 Kf6 33. Rg1 Re6 34. g5+ Kg7 35. gxh6+ Kxh6 36. h4 Nc8 37. h5 Ne7 38. Rg5 Rf6 39. hxg6 Nxg6 40. Bxf5 Rxf5 41. Rxf5 Kg7 42. Rg5 Kf6 43. Rxg6+ 1-0

[Event "Belgrade-chT Quality"]
[Site "Belgrade"]
[Date "2012.10.30"]
[Round "8.5"]
[White "Mandic, Vladimir"]
[Black "Radic, Rajko"]
[Result "1/2-1/2"]
[WhiteElo "2111"]
[BlackElo "2073"]
[PlyCount "58"]
[EventDate "2012.10.13"]
[EventType "team-tourn"]
[EventRounds "11"]
[EventCountry "SRB"]
[SourceTitle "EXT 2019"]
[Source "ChessBase"]
[SourceDate "2018.10.10"]
[SourceVersion "1"]
[SourceVersionDate "2018.10.10"]
[SourceQuality "1"]

1. e4 e5 2. Nf3 Nc6 3. Bb5 a6 4. Ba4 d6 5. c3 f5 6. d3 Nf6 7. Nbd2 Be7 8. 0-0 0-0 9. h3 Qe8 10. exf5 Bxf5 11. Qb3+ Kh8 12. Qxb7 Bd7 13. Qb3 Nd4 14. Bxd7 Ne2+ 15. Kh2 Qxd7 16. Ne4 Qf5 17. Qc2 Nf4 18. Bxf4 Qxf4+ 19. Kh1 Nh5 20. Qd2 Qf5 21. Ng3 Qg6 22. Nxh5 Qxh5 23. Qe2 Rf4 24. Ng1 Qf7 25. g3 Rf5 26. Rac1 Rf8 27. Kg2 Qxa2 28. Ra1 Rxf2+ 29. Rxf2 Rxf2+ 1/2-1/2

[Event "Belgrade-chT"]
[Site "Belgrade"]
[Date "2011.10.04"]
[Round "4.3"]
[White "Mandic, Vladimir"]
[Black "Zmijanac, Dusko"]
[Result "1-0"]
[WhiteElo "2121"]
[BlackElo "2208"]
[PlyCount "99"]
[EventDate "2011.10.01"]
[EventType "team-tourn"]
[EventRounds "11"]
[EventCountry "SRB"]
[SourceTitle "CBM 144 Extra"]
[Source "ChessBase"]
[SourceDate "2011.10.28"]
[SourceVersion "1"]
[SourceVersionDate "2011.10.28"]
[SourceQuality "1"]
[WhiteTeam "Politika"]
[BlackTeam "Post Stedionica"]
[WhiteTeamCountry "YUG"]
[BlackTeamCountry "YUG"]

1. e4 c5 2. d3 g6 3. c3 Bg7 4. g3 e6 5. Bg2 Ne7 6. Nf3 0-0 7. 0-0 b6 8. Qc2 Nbc6 9. Bf4 d6 10. Nbd2 b5 11. a3 a5 12. Rfe1 e5 13. Be3 h6 14. Nf1 Be6 15. h3 Qd7 16. Kh2 f5 17. Qc1 Kh7 18. Ng1 f4 19. Bd2 g5 20. g4 Ng6 21. f3 d5 22. Rd1 a4 23. Be1 Na5 24. Nd2 Rfc8 25. Bf2 Rab8 26. Qc2 Qf7 27. Ne2 d4 28. Nc1 Ne7 29. Bf1 Nec6 30. c4 bxc4 31. dxc4 Rb6 32. Rb1 Rcb8 33. Qxa4 Rxb2 34. Rxb2 Rxb2 35. Nd3 Ra2 36. Nxc5 Bf8 37. Nxe6 Qxe6 38. Kg2 Rxa3 39. Qb5 Qd6 40. Rb1 Ra2 41. Nb3 Qa3 42. Nxa5 Nxa5 43. Qd7+ Qe7 44. Qf5+ Kg7 45. Rb6 d3 46. Re6 Rxf2+ 47. Kxf2 Qc5+ 48. Kg2 Nxc4 49. Rg6+ Kh8 50. Qf6+ 1-0

[Event "SRB-chT"]
[Site "Belgrade"]
[Date "2010.10.02"]
[Round "2"]
[White "Lukovic, Vladimir"]
[Black "Mandic, Vladimir"]
[Result "1-0"]
[WhiteElo "2201"]
[BlackElo "2125"]
[PlyCount "79"]
[EventDate "2010.10.01"]
[EventType "team-tourn"]
[EventRounds "11"]
[EventCountry "YUG"]
[SourceTitle "CBM 138 Extra"]
[Source "ChessBase"]
[SourceDate "2010.10.29"]
[SourceVersion "1"]
[SourceVersionDate "2010.10.29"]
[SourceQuality "1"]

1. e4 c6 2. d3 d5 3. Nd2 Nf6 4. Ngf3 Bg4 5. h3 Bh5 6. Be2 e6 7. c3 Be7 8. Qc2 Na6 9. 0-0 0-0 10. Re1 Re8 11. e5 Nd7 12. d4 Bg6 13. Bd3 c5 14. Bxg6 hxg6 15. dxc5 Naxc5 16. Nf1 Ne4 17. N3d2 Nxd2 18. Nxd2 Rc8 19. Nf3 b5 20. Qb3 a6 21. Be3 Qc7 22. a4 Rb8 23. axb5 axb5 24. Ra7 Rb7 25. Rea1 Bc5 26. Bxc5 Nxc5 27. Qxb5 Reb8 28. Rxb7 Nxb7 29. Ra7 Qc5 30. Qxc5 Nxc5 31. b4 Nd3 32. Kf1 f6 33. exf6 gxf6 34. Nd4 e5 35. Nc6 Rb6 36. Ne7+ Kf8 37. Nxd5 Rd6 38. c4 f5 39. b5 Nb2 40. b6 1-0

[Event "SRB-chT Cup"]
[Site "Kragujevac"]
[Date "2010.05.19"]
[Round "2"]
[White "Mandic, Vladimir"]
[Black "Robulj, Nenad"]
[Result "0-1"]
[WhiteElo "2146"]
[BlackElo "2272"]
[PlyCount "84"]
[EventDate "2010.05.18"]
[EventType "team-tourn"]
[EventRounds "7"]
[EventCountry "YUG"]
[SourceTitle "CBM 136 Extra"]
[Source "ChessBase"]
[SourceDate "2010.07.02"]
[SourceVersion "2"]
[SourceVersionDate "2010.07.15"]
[SourceQuality "1"]

1. e4 e6 2. d3 d5 3. Nd2 Nf6 4. Ngf3 dxe4 5. dxe4 Bc5 6. h3 e5 7. Bc4 0-0 8. 0-0 Nc6 9. c3 a5 10. a4 Qe7 11. Qe2 Nh5 12. Nb3 Ng3 13. Qc2 Nxf1 14. Bxf1 Bb6 15. Bb5 Nd8 16. Bg5 f6 17. Bh4 c6 18. Be2 Nf7 19. Nbd2 Be6 20. Rb1 Bc5 21. b3 Rfb8 22. Ne1 b5 23. Ra1 Qb7 24. Nd3 Ba7 25. Nc1 Nd6 26. Kh2 bxa4 27. Rxa4 Bb6 28. Nc4 Nxc4 29. Bxc4 Bxc4 30. Rxc4 Rd8 31. Ne2 Rd7 32. Qa2 Rad8 33. Qa4 Rd2 34. Ng1 R2d6 35. Ne2 h5 36. Bg3 Rd2 37. Ng1 Bxf2 38. Nf3 Qa7 39. Nxd2 Bxg3+ 40. Kxg3 Rxd2 41. Rd4 exd4 42. Qxc6 Qb8+ 0-1